Bytový dom

Uložené v:
Podrobná bibliografia
Hlavný autor: Császár, Levente (Autor)
Ďalší autori: Šťastný, Patrik (Vedúci práce)
Médium: Rukopis Kniha
Jazyk:Slovak
Vydavateľské údaje: 2025
Predmet:
On-line prístup:http://is.stuba.sk/zp/portal_zp.pl?podrobnosti=185805
CRZP
Tagy: Pridať tag
Žiadne tagy, Buďte prvý, kto otaguje tento záznam!

MARC

LEADER 00000ntm a22000003a 4500
001 stuzp105101
003 SK-STU
005 20250722134811.8
007 ta
008 150427s2015----xo-----f-mn---000-0-slo-d
040 |a STU  |b slo 
041 0 |a slo 
100 1 |a Császár, Levente  |u 010270  |4 aut  |U SvF Stavebná fakulta  |T SvF Katedra technológie stavieb  |X 121165  |U V270  |Y 28  |7 121165 
242 0 1 |a Residential house  |y eng 
245 1 0 |a Bytový dom 
260 |c 2025 
650 4 |a Bytový dom  |2 slo 
650 4 |a Kontaktný zatepľovací systém  |2 slo 
650 4 |a Tehlové pásiky  |2 slo 
650 4 |a Residential house  |2 eng 
650 4 |a External Thermal Insulation Composite System  |2 eng 
650 4 |a Brick slips  |2 eng 
700 1 |a Šťastný, Patrik  |u 010270  |k Z2  |4 ths  |U SvF Stavebná fakulta  |T SvF Katedra technológie stavieb  |X 70398  |U V270  |Y 28  |7 70398 
856 4 |u http://is.stuba.sk/zp/portal_zp.pl?podrobnosti=185805 
856 4 |u https://opac.crzp.sk/?fn=detailBiblioForm&sid=EE8AF2E76B4BE2A865ABC893824A  |z CRZP